Stress management for wellness

Αποθηκεύτηκε σε:
Λεπτομέρειες βιβλιογραφικής εγγραφής
Κύριος συγγραφέας: Schafer, Walter E., 1939-
Μορφή: Βιβλίο
Γλώσσα:English
Δημοσίευση: Fort Worth, TX : Harcourt College Pub., c2000
Έκδοση:4th ed.
Θέματα:
Ετικέτες: Προσθήκη ετικέτας
Δεν υπάρχουν, Καταχωρήστε ετικέτα πρώτοι!

MARC

LEADER 00000cam a2200000 i 4500
001 1/40648
008 140123s2000 eng d
020 |a 0-15-507943-3 
035 |l 10116425 
040 |a GR-MY-UA  |b gre  |e aacr 
041 0 |a eng 
082 0 |a 155.9042  |2 (22) 
100 1 |a Schafer, Walter E.,   |d 1939- 
245 1 0 |a Stress management for wellness /  |c Walt Schafer 
250 |a 4th ed. 
260 |a Fort Worth, TX :   |b Harcourt College Pub.,   |c c2000 
300 |a xi, 524 σ.;  |c 26 εκ. 
504 |a Περιλαμβάνει βιβλιογραφίες και ευρετήρια 
650 0 0 |a Stress management. 
852 |a INST  |b SYROS  |e 20140123  |h 155.9042 SCH  |p 005500011283  |q 005500011283  |t BK  |y 0 
901 |a BIBL5-2014-1 
909 |a Ε  |b 174722 
970 |a ΚΟΝΤΟΥ  |b ΠΑΡΑΣΚΕΥΗ  |z 2014/01/23